La crisis educativa y el modelo económico-político en República Dominicana / Bosch Matias compilador (Record no. 9254)
[ view plain ]
| 000 -LEADER | |
|---|---|
| campo de control de longitud fija | 00461nam a2200157Ia 4500 |
| 001 - NÚMERO DE CONTROL | |
| campo de control | 3039 |
| 008 - DATOS DE LONGITUD FIJA--INFORMACIÓN GENERAL | |
| campo de control de longitud fija | 241024s9999 xx 000 0 und d |
| 020 ## - NÚMERO INTERNACIONAL ESTÁNDAR DEL LIBRO | |
| Número Internacional Estándar del Libro | 978-9945-8872-1-1 |
| 082 ## - NÚMERO DE LA CLASIFICACIÓN DECIMAL DEWEY | |
| Número de clasificación | RD/370.4/C932b |
| 100 ## - ENTRADA PRINCIPAL--NOMBRE DE PERSONA | |
| Nombre de persona | [*SIN AUTOR*] |
| 245 #0 - MENCIÓN DEL TÍTULO | |
| Título | La crisis educativa y el modelo económico-político en República Dominicana / Bosch Matias compilador |
| 260 ## - PUBLICACIÓN, DISTRIBUCIÓN, ETC. | |
| Nombre del editor, distribuidor, etc. | Fundación Juan Bosch |
| Fecha de publicación, distribución, etc. | 2013 |
| 590 ## - NOTA LOCAL (RLIN) | |
| Nota local | si |
| 901 ## - ELEMENTOS DE DATOS A LOCAL LDA (RLIN) | |
| a | 23/7/2013 8:08:44 a.m. |
No items available.